[Event "Chigorin Memorial 20th"]
[Site "St Petersburg"]
[Date "2012.10.28"]
[Round "2"]
[White "Androsov, Sergey"]
[Black "Klimshin, Ilia"]
[Result "1-0"]
[WhiteElo "2081"]
[BlackElo "1734"]
[PlyCount "69"]
[EventDate "2012.10.27"]
[EventType "swiss"]
[EventRounds "9"]
[EventCountry "RUS"]
[SourceTitle "EXT 2013"]
[Source "ChessBase"]
[SourceDate "2012.11.22"]
[SourceVersion "1"]
[SourceVersionDate "2012.11.22"]
[SourceQuality "1"]

1. e4 d5 2. exd5 Qxd5 3. Nc3 Qd6 4. d4 Nf6 5. Nf3 a6 6. Bd3 Nc6 7. Ne4 Nxe4 8. Bxe4 Bg4 9. c3 f5 10. Bc2 Qe6+ 11. Kf1 Qd5 12. Qd3 Bxf3 13. gxf3 g6 14. Bf4 0-0-0 15. Bb3 Qd7 16. Qe2 Kb8 17. Be6 Qe8 18. d5 Na7 19. Qe5 g5 20. Qxh8 gxf4 21. Qxh7 Qb5+ 22. Kg2 Nc8 23. b3 Qd3 24. c4 Qd4 25. Rhd1 Qc3 26. Rac1 Qb2 27. c5 Bg7 28. Qxf5 Rf8 29. Qd3 Qf6 30. b4 Qg5+ 31. Bg4 Rh8 32. b5 Qh4 33. h3 Ka7 34. bxa6 bxa6 35. Rb1 1-0

[Event "St Petersburg Blockade op"]
[Site "St Petersburg"]
[Date "2012.01.06"]
[Round "4"]
[White "Klimshin, Ilia"]
[Black "Kamnev, Alexander"]
[Result "0-1"]
[WhiteElo "1724"]
[BlackElo "1793"]
[PlyCount "31"]
[EventDate "2012.01.03"]
[EventType "swiss"]
[EventRounds "9"]
[EventCountry "RUS"]
[SourceTitle "EXT 2014"]
[Source "ChessBase"]
[SourceDate "2013.11.20"]
[SourceVersion "1"]
[SourceVersionDate "2013.11.20"]
[SourceQuality "1"]

1. e4 c5 2. Nf3 Nc6 3. d4 cxd4 4. Nxd4 Nf6 5. Nc3 e5 6. Ndb5 d6 7. Ne2 Nxe4 8. Nec3 Nxc3 9. Nxc3 Be7 10. Be3 Be6 11. Bb5 0-0 12. 0-0 f5 13. Qe2 f4 14. Bd2 Nd4 15. Qd3 Qc8 16. Rfe1 0-1